The Illegal Dispossession Act, 2005 / (Record no. 615990)

000 -LEADER
fixed length control field 00347nam a22001217a 4500
082 ## - DEWEY DECIMAL CLASSIFICATION NUMBER
Classification number 345.54910262
Author Mark MUF
100 ## - MAIN ENTRY--PERSONAL NAME
Personal name Mufti, Qausain Faisal
245 ## - TITLE STATEMENT
Title The Illegal Dispossession Act, 2005 /
Statement of responsibility, etc. Qausain Faisal Mufti
260 ## - PUBLICATION, DISTRIBUTION, ETC.
Place of publication, distribution, etc. Lahore :
Name of publisher, distributor, etc. Capital Law Publishers,
Date of publication, distribution, etc. 2016.
300 ## - PHYSICAL DESCRIPTION
Extent 209 p. ;
Dimensions 24 CM.
563 ## - BINDING INFORMATION
Binding note HB.
942 ## - ADDED ENTRY ELEMENTS (KOHA)
Source of classification or shelving scheme
Koha item type Book
Holdings
Withdrawn status Lost status Source of classification or shelving scheme Damaged status Not for loan Permanent Location Current Location Date acquired Total Checkouts Full call number Barcode Date last seen Price effective from Koha item type
          NUST Law School (NLS) NUST Law School (NLS) 02/02/2026   345.54910262 MUF NLSD-387 02/02/2026 02/02/2026 Book
© 2023 Central Library, National University of Sciences and Technology. All Rights Reserved.